000 00544nam a2200193Ia 4500
003 GCL
008 140319s9999 xx 000 0 ara d
040 _aGCL /
_cGCL
082 0 4 _aط
_b813.081
_bع ج
100 1 _aعصمت والى
245 1 0 _aجواد حسنى /
_cعصمت والى
300 _a42 ص
490 _aالهيئة العامة للاستعلامات
_v0
650 0 4 _aالاطفال
650 0 4 _aالقصص التاريخية
650 0 4 _aقصص الاطفال
650 0 4 _aادب الاطفال
942 _2ddc
_cBK
999 _c51352
_d51352